73 Babynamen der Woche 03/26 - Statistiken

Allgemein
  • Dieses Quiz wurde 12 mal gespielt
  • Das Durchschnittsergebnis liegt bei 21 aus 73
Antwortstatistiken
📍 Vorname % Korrekt
B.n ♂️ Ben
100%
Ad.m ♂️ Adam
91%
F..d.r.k ♂️ Frederik
82%
Ka.l ♂️ Karl
82%
Li.h ♀️ Liah
82%
Em.r ♂️ Emir
73%
Em.a ♀️ Emma
73%
F.a.z ♂️ Franz
73%
I.a ♀️ Ida
73%
M.x.m.l..n ♂️ Maximilian
73%
O.e ♂️ Ole
73%
A.t..r ♂️ Arthur
64%
El..a ♀️ Elisa
64%
Em.l ♂️ Emil
55%
F.i..a ♀️ Frieda
55%
G.o.g.e ♀️ Georgie
55%
L..n..d ♂️ Leonard
55%
An.i ♀️ Anni
45%
D.b..a ♀️ Dibora
45%
E..b..h ♀️ Elsbeth
45%
G.n..r ♂️ Gunnar
45%
H..d.m.r.e ♀️ Heidemarie
45%
J..p.r ♂️ Jasper
45%
Ly.n ♀️ Lynn
45%
M.t..o ♂️ Matteo
45%
S.a ♀️ Sia
45%
F.i.d.l ♀️ Friedel
36%
L.a.o ♂️ Leano
36%
L..n.e ♀️ Leonie
36%
C.r..t..a ♀️ Christina
27%
L.e.b..h ♀️ Liesbeth
27%
L.n.a ♀️ Linda
27%
L.y..a | L.j..a ♀️ Liyana | Lijana
27%
Op..l.a ♀️ Ophelia
27%
T.m.r ♂️ Timur
27%
A.r..a ♀️ Aurora
18%
G.u..a ♀️ Giulia
18%
J.u.i ♂️ Jouri
18%
L.u.i ♀️ Lauri
18%
L.i.e ♀️ Luise
18%
M.c.e ♀️ Macie
18%
T.r.q ♂️ Tariq
18%
W.l..w ♀️ Willow
18%
A.y.n ♂️ Aryan
9%
En..a ♀️ Enisa
9%
I.d..o ♂️ Ildiko
9%
K.l..a ♀️ Kalina
9%
M.l..a ♀️ Malina
9%
M.l.u ♀️ Malou
9%
Ol.m.e ♀️ Olympe
9%
Ru.i ♂️ Rudi
9%
S..h.r.h ♂️ Sidharth
9%
S.m.a ♀️ Simea
9%
T..f.n ♂️ Tayfun
9%
D.i.a ♀️ Daiya
0%
F..r.s ♂️ Florus
0%
G.l.a ♀️ Golda
0%
J.l.e.n ♀️ Jilleen
0%
K.l..h ♀️ Keliah
0%
Lo.r ♂️ Loar
0%
Lu.o ♂️ Ludo
0%
M.d..n.a ♀️ Madlenka
0%
M.n.i ♂️ Manni
0%
M..l..n ♀️ Marleen
0%
M..l.e ♀️ Maylie
0%
M.l.y ♀️ Miley
0%
M.r.l ♂️ Miral
0%
M.a.a ♀️ Moana
0%
S.r.f..a ♀️ Sirafima
0%
Ta.o ♂️ Tajo
0%
T.l.e ♂️ Talie
0%
T..r..a ♀️ Theresa
0%
T..l.i.n ♂️ Trillion
0%
Keine übereinstimmenden Quizze gefunden
Verteilung der Resultate
Anzahl Personen mit jedem Resultat
Perzentil nach korrekt beantworteten Fragen
Ihre Resultats-Entwicklung
Sie haben dieses Quiz noch nicht gespielt